[Event "CZE-chT2D 1920"]
[Site "Czech Republic"]
[Date "2020.01.26"]
[Round "7.8"]
[White "Ptacek, Lubos"]
[Black "Macek, Ondrej"]
[Result "1/2-1/2"]
[WhiteElo "2093"]
[BlackElo "1930"]
[PlyCount "91"]
[EventDate "2019.10.13"]
[EventType "team-tourn"]
[EventRounds "11"]
[EventCountry "CZE"]
[SourceTitle "EXT 2024"]
[Source "ChessBase"]
[SourceDate "2023.10.10"]
[SourceVersion "1"]
[SourceVersionDate "2023.10.10"]
[SourceQuality "1"]
[WhiteTeam "Vysoke Myto"]
[BlackTeam "Pardubice Rapid"]
[WhiteTeamCountry "CZE"]
[BlackTeamCountry "CZE"]

1. e4 c6 2. d4 d5 3. exd5 cxd5 4. Nf3 Nc6 5. Bd3 Bg4 6. c3 e6 7. Bf4 Bd6 8. Bxd6 Qxd6 9. Nbd2 Nf6 10. 0-0 0-0 11. Re1 Rfc8 12. Re3 Bh5 13. h3 Bg6 14. Bxg6 hxg6 15. Ne5 b5 16. Ndf3 Ne4 17. Nxc6 Rxc6 18. Ne5 Rc7 19. a3 Nf6 20. Qf3 a5 21. g4 Qe7 22. Qf4 Rac8 23. Nd3 Ne4 24. Kg2 Qf6 25. Qh2 Qh4 26. Re2 Qe7 27. h4 Qd6 28. Qh3 Kf8 29. h5 gxh5 30. Qxh5 Nf6 31. Qg5 Ne4 32. Qh4 Qd8 33. Qh8+ Ke7 34. Qxg7 Qg8 35. Qxg8 Rxg8 36. f3 Nd6 37. Rh1 Rg7 38. Rh8 Rc8 39. Rxc8 Nxc8 40. Ne5 Kd6 41. Kg3 Rh7 42. f4 Nb6 43. g5 Nc4 44. Nd3 Rh1 45. Ne5 Ke7 46. Nxc4 1/2-1/2

[Event "Litomysl op 20th"]
[Site "Litomysl"]
[Date "2020.01.01"]
[Round "9"]
[White "Starosciak, Szymon"]
[Black "Macek, Ondrej"]
[Result "1/2-1/2"]
[WhiteElo "1729"]
[BlackElo "1934"]
[PlyCount "72"]
[EventDate "2019.12.26"]
[EventType "swiss"]
[EventRounds "9"]
[EventCountry "CZE"]
[SourceTitle "CBM 194 Extra"]
[Source "ChessBase"]
[SourceDate "2020.03.31"]
[SourceVersion "1"]
[SourceVersionDate "2020.03.31"]
[SourceQuality "1"]

1. e4 c6 2. d4 d5 3. exd5 cxd5 4. Bd3 Nc6 5. c3 g6 6. h3 Bf5 7. Be2 Nf6 8. Nf3 Bg7 9. 0-0 0-0 10. Bf4 Ne4 11. Nbd2 Nd6 12. Qb3 Be6 13. Ng5 Qd7 14. Nxe6 fxe6 15. Bh2 Kh8 16. Nf3 a6 17. a4 Nf7 18. Rad1 Rad8 19. Rfe1 e5 20. dxe5 Nfxe5 21. Nxe5 Bxe5 22. Bf3 Bxh2+ 23. Kxh2 e6 24. Kg1 Qf7 25. Re2 Rfe8 26. c4 dxc4 27. Qc3+ Qg7 28. Qxg7+ Kxg7 29. Rxd8 Nxd8 30. Re4 b5 31. axb5 axb5 32. Re5 b4 33. Rc5 c3 34. bxc3 bxc3 35. Rxc3 Nf7 36. Rc7 Kf6 1/2-1/2

[Event "Litomysl op 20th"]
[Site "Litomysl"]
[Date "2019.12.28"]
[Round "4"]
[White "Toman, Jan"]
[Black "Macek, Ondrej"]
[Result "1-0"]
[WhiteElo "2091"]
[BlackElo "1934"]
[PlyCount "95"]
[EventDate "2019.12.26"]
[EventType "swiss"]
[EventRounds "9"]
[EventCountry "CZE"]
[SourceTitle "CBM 194 Extra"]
[Source "ChessBase"]
[SourceDate "2020.03.31"]
[SourceVersion "1"]
[SourceVersionDate "2020.03.31"]
[SourceQuality "1"]

1. d4 Nf6 2. c4 c6 3. Nf3 d5 4. Nc3 e6 5. Bg5 Be7 6. e3 0-0 7. Rc1 Nbd7 8. Bd3 b6 9. 0-0 Bb7 10. cxd5 Nxd5 11. Bxe7 Qxe7 12. Nxd5 exd5 13. Re1 f5 14. a3 Qf6 15. b4 b5 16. Qb3 Kh8 17. a4 a6 18. a5 Rae8 19. Qb1 g6 20. Re2 Re6 21. Rce1 Rfe8 22. Nd2 Qe7 23. f4 Nf6 24. Nf3 Rc8 25. Ne5 Ne8 26. g4 fxg4 27. Rg2 Nd6 28. Rxg4 Rg8 29. Re2 Nc4 30. Qe1 Bc8 31. Rg3 Rf6 32. Reg2 Bf5 33. Bxf5 Nxe5 34. dxe5 Rxf5 35. Qc3 d4 36. Qxd4 Rd8 37. Qa1 Kg7 38. h3 Qxb4 39. e6+ Kh6 40. Rg5 Qb3 41. Kh2 Qxe6 42. Qe1 Rxg5 43. Rxg5 Rd3 44. Qh4+ Kg7 45. Re5 Rd2+ 46. Kg3 Qd6 47. Re7+ Kg8 48. Qxh7+ 1-0

[Event "CZE-chT2D 1920"]
[Site "Czech Republic"]
[Date "2019.10.13"]
[Round "1.6"]
[White "Jirousek, Jan"]
[Black "Macek, Ondrej"]
[Result "1-0"]
[WhiteElo "2034"]
[BlackElo "1930"]
[PlyCount "87"]
[EventDate "2019.10.13"]
[EventType "team-tourn"]
[EventRounds "11"]
[EventCountry "CZE"]
[SourceTitle "EXT 2024"]
[Source "ChessBase"]
[SourceDate "2023.10.10"]
[SourceVersion "1"]
[SourceVersionDate "2023.10.10"]
[SourceQuality "1"]
[WhiteTeam "Polabiny III"]
[BlackTeam "Pardubice Rapid"]
[WhiteTeamCountry "CZE"]
[BlackTeamCountry "CZE"]

1. d4 Nf6 2. Nf3 d5 3. c4 c6 4. Nc3 e6 5. cxd5 cxd5 6. Bg5 Be7 7. e3 0-0 8. Bd3 Nc6 9. Rc1 Bd7 10. 0-0 Rc8 11. Bb1 a6 12. a3 Na5 13. Qd3 g6 14. Ne5 Nc4 15. Qe2 Nxe5 16. dxe5 Ne8 17. Bxe7 Qxe7 18. Qd2 Nc7 19. f4 Nb5 20. Nxb5 Bxb5 21. Rxc8 Rxc8 22. Rc1 Rc5 23. b4 Rxc1+ 24. Qxc1 Bc4 25. Qc3 b5 26. g3 Qa7 27. Kf2 Qb6 28. Bc2 Kg7 29. Bd1 Kf8 30. h4 h5 31. g4 hxg4 32. Bxg4 Qd8 33. Kg3 Qb6 34. h5 gxh5 35. Bxh5 Ke7 36. Kf3 d4 37. Qxd4 Qc6+ 38. e4 Qc7 39. Qd6+ Qxd6 40. exd6+ Kxd6 41. Bxf7 Ke7 42. Bh5 Bb3 43. Ke3 e5 44. fxe5 1-0

[Event "Litomysl op 20th"]
[Site "Litomysl"]
[Date "2018.12.28"]
[Round "4"]
[White "Macek, Ondrej"]
[Black "Burnett, Andrew"]
[Result "0-1"]
[WhiteElo "1813"]
[BlackElo "2140"]
[PlyCount "50"]
[EventDate "2018.12.26"]
[EventType "swiss"]
[EventRounds "9"]
[EventCountry "CZE"]
[SourceTitle "CBM 188 Extra"]
[Source "ChessBase"]
[SourceDate "2019.02.26"]
[SourceVersion "1"]
[SourceVersionDate "2019.02.26"]
[SourceQuality "1"]

1. c4 e5 2. g3 h5 3. h4 Nc6 4. Bg2 Bc5 5. Nc3 d6 6. a3 a5 7. e3 Bg4 8. Nge2 Nge7 9. Qc2 0-0 10. 0-0 Qd7 11. Kh2 Rae8 12. d3 Ng6 13. Nd5 Nce7 14. Nec3 c6 15. Nxe7+ Qxe7 16. Ne4 Ba7 17. Bd2 Nxh4 18. gxh4 Qxh4+ 19. Kg1 f5 20. Nxd6 f4 21. Nxe8 f3 22. d4 fxg2 23. f4 Qh1+ 24. Kf2 g1Q+ 25. Rxg1 Qf3+ 0-1